|
|
|
|
| LEADER |
00000nta a2200000 i 4500 |
| 001 |
dolg54344 |
| 005 |
20240517101617.0 |
| 008 |
240517suuuu hu om 000 hun d |
| 040 |
|
|
|a BGE Dolgozattár Repozitórium
|b hun
|
| 041 |
|
|
|a hu
|
| 100 |
1 |
|
|a Eiden Zsuzsanna
|
| 245 |
1 |
2 |
|a A nonprofit szféra kommunikációja és főbb megnyilvánulásai a United Way Alapítvány konkrét példáján keresztül
|c Eiden Zsuzsanna
|h [elektronikus dokumentum]
|
| 695 |
|
|
|a Nonprofit szervezetek
|
| 695 |
|
|
|a Kommunikáció
|
| 700 |
1 |
|
|a Nincs adat Nincs adat
|e ths
|
| 856 |
4 |
0 |
|u http://dolgozattar.uni-bge.hu/54344/1/D_6960.pdf
|z Dokumentum-elérés
|